| 000 | 00410nam a22001577a 4500 | ||
|---|---|---|---|
| 003 | MACL | ||
| 005 | 20241023131936.0 | ||
| 008 | 241023b |||||||| |||| 00| 0 eng d | ||
| 040 | _cMACL | ||
| 082 | _a100/MIS | ||
| 100 |
_aVinay,Mishra _982838 |
||
| 245 | _aeveryday PSYCHOLOGY a guide toyour personal well-being | ||
| 260 |
_aNew Dehli _bManjul Publication _c2018 |
||
| 650 | _aPsychology | ||
| 942 |
_2ddc _cBK |
||
| 999 |
_c67564 _d67564 |
||